Sports Quiz

Random Sports or MLB Quiz

Multi-Category Sports Blitz Quiz Stats

 Plays Quiz Updated Aug 29, 2016

Challenge
Share
Tweet
Embed
Score 0/30 Timer 04:00
6 Plays Today
Hint Answer % Correct
Olympic Host CitiesAtlanta...
89.1%
Four Letters Long Polo
88.5%
Four Letters Long Romo
88%
Begins with PPrince
85.9%
Begins with PPredators
85.9%
Begins with PPerfect Game
80%
Begins with PPackers
78%
Olympic Host CitiesMexico City
69.6%
Four Letters Long Alou
69.6%
Four Letters Long Bing
68.8%
Big Four MascotsPhillies
68.5%
Big Four MascotsRed Sox
68.3%
Super Bowl LosersFalcons
64.8%
Begins with PPentathlon
59.1%
World Series WinnersCardinals
56.2%
Hint Answer % Correct
Four Letters Long West
51.5%
Olympic Host CitiesTokyo...
51.1%
World Series WinnersBlue Jays
48%
World Series WinnersTigers
48%
World Series WinnersMets
44.6%
Olympic Host CitiesOslo, Sarajevo
44.6%
Super Bowl LosersSteelers
43.3%
Super Bowl LosersBills
42.6%
World Series WinnersDodgers
40.4%
Big Four MascotsBulls
38%
Olympic Host CitiesRio de Janeiro
36.9%
Super Bowl LosersVikings
34.9%
Super Bowl LosersBengals
34.8%
Big Four MascotsTitans
21.1%
Big Four MascotsCanadiens
18.7%

You're not logged in!

Compare scores with friends on all Sporcle quizzes.
OR
Log In

You Might Also Like...

Show Comments

Extras

Top Quizzes Today


Score Distribution

Your Account Isn't Verified!

In order to create a playlist on Sporcle, you need to verify the email address you used during registration. Go to your Sporcle Settings to finish the process.

Report this User

Report this user for behavior that violates our Community Guidelines.

Details: